ბათუმის შოთა რუსთაველის სახელმწიფო უნივერსიტეტის ბიბლიოთეკა

ქართული ხალხური ორნამენტის სიმბოლიკა / (ბიბ.ჩანაწერი № 59884)

000 -ლიდერი
ფიქსირებული სიგრძის საკონტროლო ველი 01176nam a22002177a 4500
003 - საკონტროლო ნომრის იდენტიფიკატორი
საკონტროლო ველი Ge_BSU
005 - ბოლო ოპერაციის თარიღი და დრო
საკონტროლო ველი 20230505094452.0
008 - ფიქსირებული სიგრძის მონაცემთა ელემენტები - ზოგადი ინფორმაცია
ფიქსირებული სიგრძის საკონტროლო ველი 230505s1993 ge ||||| |||| 00| 0 geo d
041 ## - ენის კოდი
Language code of text/sound track or separate title geo
080 ## - უნივერსალური ათობითი კლასიფიკაციის ინდექსი
Universal Decimal Classification number 745.52+902.7(=99.962.1) ს-96
100 ## - მთავარი ჩანაწერი - პიროვნების სახელი
Personal name სურგულაძე, ი.
9 (RLIN) 17980
245 ## - ცნობა სათაურის შესახებ
Title ქართული ხალხური ორნამენტის სიმბოლიკა /
Statement of responsibility, etc [რედ.: თ. ოჩიაური]; საქ. რესპ. მეცნ. აკად., ივ. ჯავახიშვილის სახ. ისტორიისა და ეთნოგრაფიის ინ-ტი.
264 ## - წარმოების, გამოცემის, დისტრიბუციის და სხვა ცნობები
გამოცემის, წარმოების, დისტრიბუციის... ადგილი თბილისი:
გამოცემის, წარმოების, დისტრიბუციის... სახელწოდება სამშობლო,
გამოცემის, წარმოების, დისტრიბუციის... თარიღი 1993.
300 ## - ფიზიკური აღწერა
Extent 240გვ. ;
Other physical details 20სმ.
504 ## - BIBLIOGRAPHY, ETC. NOTE
Bibliography, etc ბიბლიოგრ.: გვ. 230 - 238.
520 ## - SUMMARY, ETC.
Summary, etc რეზ. რუს. და ინგლ. ენ.
653 ## - INDEX TERM--UNCONTROLLED
Uncontrolled term ქართული ხალხური ორნამენტი
653 ## - INDEX TERM--UNCONTROLLED
Uncontrolled term სიმბოლოები ქართულ ხელოვნებაში
700 ## - ADDED ENTRY--PERSONAL NAME
Personal name ოჩიაური, თ.
Relator term რედაქტორი
9 (RLIN) 17981
942 ## - ADDED ENTRY ELEMENTS (KOHA)
Source of classification or shelving scheme
Koha item type წიგნი
ეგზემპლარები
ჩამოწერის სტატუსი დაკარგული ეგზემპლარის სტატუსი კლასიფიკაციის წყარო ან თაროზე გაწყობის სქემა დაზიანების სტატუსი არ გაიცემა მუდმივი მდებარეობა (დაცვის ადგილი) ამჟამინდელი ადგილსამყოფელი თაროზე განთავსების ადგილი შეძენის თარიღი ღირებულება, შესყიდვის ნორმალური ფასი სრული შენახვის შიფრი შტრიხკოდი ბოლო ოპერაციის თარიღი ეგზემპლარის მიმდევრობითი ნომერი (კეტერი?) Uniform Resource Identifier ფასის ძალაში შესვლის თარიღი ეგზემპლარის სახეობა საჯარო შენიშვნა
          ბათუმის შოთა რუსთაველის სახელმწიფო უნივერსიტეტის მთავარი ბიბლიოთეკა ბათუმის შოთა რუსთაველის სახელმწიფო უნივერსიტეტის მთავარი ბიბლიოთეკა წიგნსაცავი 2023-05-05 12.00 745.52+902.7(=99.962.1) ს-96 64376 2023-05-05 64376 ბსუ-ს საპატიო დოქტორის გურამ ლორთქიფანიძის საჩუქარი 2023-05-05 წიგნი 12 ლ.